Grzyby - zakres wojewódzkiego konkursu kuratoryjnego - Statystyki

Ogólne statystyki
  • Ten quiz został rozwiązany 42 razy
  • Średni wynik to 7 z 13
Statystyki odpowiedzi
Obrazkowy Odpowiedź % Poprawnych
maślak
88%
pieprznik jadalny
88%
borowik szlachetny
83%
czubajka kania
79%
borowik szatański
75%
muchomor sromotnikowy
67%
koźlarz babka
63%
podgrzybek brunatny
50%
sromotnik bezwstydny
38%
czernidłak kołpakowaty
33%
czarka szkarłatna
13%
chrobotek reniferowy
8%
brodaczka
4%
Nie znaleziono quizów pasujących do podanych kryteriów
Rozkład punktacji
Procent ludzi z każdym wynikiem
Percentyl według liczby udzielonych odpowiedzi
Twoja historia wyników
Nie rozwiązałeś tego quizu